000 00437nam a22001697a 4500
003 NUST - PNEC
005 20170116181012.0
008 150912b xxu||||| |||| 00| 0 eng d
020 _a0070491321
040 _cLIBRARY
082 _a621.3819582 PEA
100 _99326
_aPeatman, John B.
245 _aDigital hardware design
_cJohn B. Peatman
260 _cc.1980
650 _910237
_xEL, MIS
_aDigital electronics
942 _2ddc
_cBK
999 _c67125
_d67125